000 00867nam a22002297a 4500
005 2012121400020.0
008 121214t xxu||||| |||| 00| 0 eng d
010 _aENG-106443
020 _a9788178359342
_c450.00
035 _aEN-89976
037 _bDBAD/PUB
040 _aDPL
_bEng
082 _a330.0954
100 _aUpender, M.
_954337
245 _aEstimation of economic relationships for indian economy /
_cby M. Upender ; foreworded by U. Sankar
260 _aDelhi
_bKalpaz Publications
_c2012
270 _aC-30, Satyawati Nagar
_bDelhi
_e110052
300 _a123p. :
_bill.
_c22cm(Hb)
500 _aIncludes bibliographical references and index
942 _2ddc
_cEN
_h330.0954
_mUPE
999 _c72177
_d72177